| 000 | 01143nam a2200277 a 4500 | ||
|---|---|---|---|
| 001 | 000012163 | ||
| 005 | 20200929162726.0 | ||
| 008 | 091106s2000 dr ab 000 0 spa d | ||
| 040 |
_aDO-SdBNP _bspa _cBNPHU |
||
| 082 |
_a630.97293 _bL626p |
||
| 100 | 1 |
_aLescot, Thierry _928750 |
|
| 245 | 1 | 0 |
_aPrevención y manejo de la sigatoka negra en cultivos de guineo y plátano en la República Dominica / _cThierry Lescot, Carlos Ml. Céspedes, Henry A. Ricardo Medina. |
| 260 |
_aSanto Domingo : _bCEDAF, _c2000. |
||
| 300 |
_a94 p. : _bil., map. ; _c28 cm. |
||
| 504 | _aIncluye referencias bibliográficas y notas al pie de las páginas | ||
| 504 | _aIncluye bibliografías (p. 55-94) | ||
| 650 | 4 |
_aPlátanos _xCultivo _928751 |
|
| 650 | 4 |
_aBanano _xCultivo _912319 |
|
| 650 | 4 |
_aPlátanos _xEnfermedades y plagas _928752 |
|
| 650 | 4 |
_aBanano _xEnfermedades y plagas _928753 |
|
| 650 | 4 |
_aPlagas agrícolas _zRepública Dominicana _928754 |
|
| 700 | 1 |
_aCéspedes E., Carlos Ml. _928755 |
|
| 700 | 1 |
_aRicardo Medina, Henry A. _928756 |
|
| 710 | 2 |
_aCentro para el Desarrollo Agropecuário y Forestal (República Dominicana) _9130 |
|
| 049 | _aBNPD | ||
| 999 |
_c11828 _d11828 |
||